000 00733nam a22002297a 4500
003 OSt
005 20221013121114.0
008 100324s2009 it a f b 000 0beng d
020 _a9788864130101
040 _aEG-ScBUE
_beng
_erda
_cEG-ScBUE
_dEG-ScBUE
082 0 4 _222
_a720.92
_bAGN
100 1 _913075
_aAgnoletto, Matteo,‏
_d1972-
_eauthor.
245 1 0 _aRenzo Piano /
_cMatteo Agnoletto.
250 _aFirst edition.
264 1 _aMilan :
_bMotta,
_c2009.
300 _a119 pages :
_billustrations (some color) ;
_c27 cm.
490 _aMinimum
504 _aIncludes bibliographical references.
600 _913070
_aPiano, Renzo.
_2BUEsh
650 _913071
_aArchitecture
_xHistory
_y20th century
_zItaly
942 _2ddc
_cBB
999 _c13769
_d13769